000 00296nam a2200121Ia 4500
008 190216s9999||||xx |||||||||||||| ||und||
100 _aJames E Huheey
245 0 _aInorganic Chemistry
260 _bHarper International Std
_c1983
300 _a1-9p
650 _aChemistry-Chemistry
942 _cBK
999 _c2571
_d2571